UM Logo

The Physchological Impact of Fitness Testing in Physical Education / (Record no. 24291)

MARC details
000 -LEADER
fixed length control field 00802nam a22002057a 4500
003 - CONTROL NUMBER IDENTIFIER
control field OSt
005 - DATE AND TIME OF LATEST TRANSACTION
control field 20260211090544.0
008 - FIXED-LENGTH DATA ELEMENTS--GENERAL INFORMATION
fixed length control field 260211b |||||||| |||| 00| 0 eng d
040 ## - CATALOGING SOURCE
Transcribing agency 0
082 ## - DEWEY DECIMAL CLASSIFICATION NUMBER
Classification number DPer 796.07 J826 January-October 2023 v. 42 n. 1-4
100 ## - MAIN ENTRY--PERSONAL NAME
Personal name Yager, Zali.
Relator term author.
9 (RLIN) 69638
245 ## - TITLE STATEMENT
Title The Physchological Impact of Fitness Testing in Physical Education /
Statement of responsibility, etc. Zali Yager, Laura Alfrey, and Lisa Young.
260 ## - PUBLICATION, DISTRIBUTION, ETC. (IMPRINT)
Place of publication, distribution, etc. US
Name of publisher, distributor, etc. Human Kinetics, Inc.
Date of publication, distribution, etc. January 2023
300 ## - PHYSICAL DESCRIPTION
Extent Volume 42, pages 77-85 :
Other physical details illustration ;
Dimensions 29 cm.
500 ## - GENERAL NOTE
General note Journal of Teaching in Physical Education, vol. 42 no. 1, pages 77-85, January-October 2023.
700 ## - ADDED ENTRY--PERSONAL NAME
Personal name Yager, Zali.
Relator term author.
9 (RLIN) 69638
700 ## - ADDED ENTRY--PERSONAL NAME
Personal name Alfrey, Laura.
Relator term author.
9 (RLIN) 69639
700 ## - ADDED ENTRY--PERSONAL NAME
Personal name Young, Lisa.
Relator term author.
9 (RLIN) 69640
942 ## - ADDED ENTRY ELEMENTS (KOHA)
Source of classification or shelving scheme Dewey Decimal Classification
Koha item type Periodicals
Holdings
Withdrawn status Lost status Source of classification or shelving scheme Damaged status Not for loan Collection code Home library Current library Date acquired Total Checkouts Full call number Date last seen Price effective from Koha item type Public note
    Dewey Decimal Classification     Periodicals UM Digos College - LIC UM Digos College - LIC 02/11/2026   DPer 796.07 J826 January-October 2023 v. 42 n. 1-4 02/11/2026 11/02/2026 Periodicals Periodical Article